00402nam a22001337a 450000500170000000800410001704100130005808200160007110000310008724500890011826000090020730000270021665000250024320231129082258.0231129b |||||||| |||| 00| 0 eng d aEnglish  a340.09 NEG  aBekker, P et al. lEnglish aNegotiated Justice : bBenefits and Pitfalls of Plea Bargaining / cP Bekker et al.  c2002 b41 pages ; c30,3 cm.  aLegal practice bLaw